000
00452nam a2200133Ia 4500
008
100328s9999 xx 000 0 und d
082
_b
57315
100
_a
देवधर विजय
245
_a
हेरगिरीच्या थरारकथा
260
_b
मंगलदीप
630
_a
हेरगिरीच्या थरारकथा
730
_a
हेरगिरीच्या थरारकथा
942
_c
BOOK
999
_c
543774
_d
543771